000 00570nam a2200205Ia 4500
005 20250508152911.0
008 008 250505s9999 xx 000 0 eng d
037 _aTextBook
040 _aFEDL
_beng
_cFEDL
041 _aeng
_2eng
084 _a300.7, ALL
_qFEDL
100 _aAllen Graham
245 0 _aSocial studies in the primary school
260 _aLondon, UK
_bMacmillan and Co. Ltd.
_c1960
300 _aix, 216p
365 _aINR
_b24
650 _aSocial Sciences-Teaching
_9757285
942 _cTB
_h300.7, ALL
999 _c1339498
_d1339498